| 000 | 01728cam a2200385 i 4500 | ||
|---|---|---|---|
| 001 | 11246064 | ||
| 005 | 20170105102420.0 | ||
| 006 | m d | ||
| 007 | cr n | ||
| 008 | 141028t20152015flua sb 000 0 eng d | ||
| 020 | _a9781439895832 | ||
| 020 | _a9781439895849 (ebook) | ||
| 035 | _a(WaSeSS)ssj0001410291 | ||
| 040 |
_aCaPaEBR _beng _erda _epn _cCaPaEBR _dWaSeSS |
||
| 050 | 4 |
_aQA76.9.A25 _b.M854 2015eb |
|
| 082 | 0 | 4 |
_a005.8 MUK _223 |
| 100 | 1 |
_aMukhopadhyay, Debdeep, _eauthor. |
|
| 210 | 1 | 0 | _aHardware security : |
| 245 | 1 | 0 |
_aHardware security : design, threats, and safeguards _bdesign, threats, and safeguards _cDebdeep Mukhopadhyay, Rajat Subhra Chakraborty. |
| 504 | _aIncludes bibliographical references. | ||
| 506 | _aLicense restrictions may limit access. | ||
| 650 | 0 | _aComputer security. | |
| 650 | 0 | _aComputer input-output equipment. | |
| 655 | 0 | _aElectronic books. | |
| 700 | 1 |
_aChakraborty, Rajat Subhra, _eauthor. |
|
| 773 | 0 | _tSafari Technical Books (Current File) | |
| 773 | 0 | _tENGnetBASE | |
| 773 | 0 | _tELECTRICALENGINEERINGnetBASE | |
| 776 | 0 | 8 |
_iPrint version: _aMukhopadhyay, Debdeep. _tHardware security : design, threats, and safeguards. _dBoca Raton, Florida : CRC Press, c2015 _hxxxiii, 534 pages _z9781439895832 |
| 856 | 4 | 0 |
_uhttp://www.columbia.edu/cgi-bin/cul/resolve?clio11246064.001 _zFull text available from ELECTRICALENGINEERINGnetBASE |
| 856 | 4 | 0 |
_uhttp://www.columbia.edu/cgi-bin/cul/resolve?clio11246064.002 _zFull text available from ENGnetBASE |
| 856 | 4 | 0 |
_uhttp://www.columbia.edu/cgi-bin/cul/resolve?clio11246064.003 _zFull text available from Safari Technical Books (Current File) |
| 910 | _aVendor-generated brief record | ||
| 942 |
_2ddc _cBK |
||
| 999 |
_c13371 _d13371 |
||